Derecho civil. (Método, sistemas y categorías jurídicas).
Uloženo v:
| Hlavní autor: | |
|---|---|
| Médium: | Kniha |
| Vydáno: |
Madrid, España.
Civitas,
1988.
|
| Edice: | Civitas Monografías.
|
| Témata: | |
| Tagy: |
Přidat tag
Žádné tagy, Buďte první, kdo vytvoří štítek k tomuto záznamu!
|
MARC
| LEADER | 00000nam a22000007a 4500 | ||
|---|---|---|---|
| 003 | CL-VaPUC | ||
| 005 | 20220822114633.0 | ||
| 008 | 220715t1988 ||||| |||| 00| 0 eng d | ||
| 999 | |c 437127 |d 437125 | ||
| 020 | |a 84-7398-618-0 | ||
| 040 | |c Pontificia Universidad Católica de Valparaíso | ||
| 082 | 7 | |a 346.46 MOZ 1988 |2 22 | |
| 100 | |a Mozos, José Luis de los |e autor |9 385355 | ||
| 245 | |a Derecho civil. |b (Método, sistemas y categorías jurídicas). | ||
| 260 | |a Madrid, España. |b Civitas, |c 1988. | ||
| 300 | |a 411 páginas. | ||
| 490 | |a Civitas Monografías. | ||
| 500 | |a c.1 Donación Familia Prof. Alejandro Guzmán Brito. | ||
| 583 | |a last modification |c 19970509 00:00:00 |k Cristina María Rojas Aguilar | ||
| 650 | |a Derecho civil |z España |9 870969 | ||
| 942 | |c BK |2 ddc |n 0 | ||
| 952 | |0 0 |1 0 |2 ddc |4 0 |6 346_460000000000000_MOZ_1988 |7 0 |8 C_AGB |9 584873 |a BIBDER |b BIBDER |d 2022-07-15 |e Donación |i 5653003 |o 346.46 MOZ 1988 |p 5653003 |r 2023-01-25 |t 1 |w 2022-07-15 |y BK_US |k AGB | ||